Metales por Valor Total Minado - Estadísticas

Estadísticas generales
  • Esta prueba ha sido intentada 1.990 veces
  • La puntuación promedio es 8 de 16
Estadísticas de respuestas
Valor (mil millones) Metal % Correcto
$170 Oro
99%
$20 Plata
94%
$91 Cobre
88%
$115 Hierro
79%
$90 Aluminio
63%
$8 Platino
61%
$34 Cinc
48%
$7 Estaño
47%
$21 Niquel
44%
$22 Plomo
44%
$3 Litio
41%
$14 Titanio
38%
$4 Uranio
34%
$30 Manganeso
33%
$6 Paladio
24%
$5 Molibdeno
12%
No se encontraron pruebas coincidentes
Distribución de puntuación
Porcentaje de gente con cada puntuación
Porcentaje por número respondido
Historial de tus puntuaciones
No has intentado esta prueba.